Pediatric radiology : the requisites/ (Record no. 120708)

MARC details
000 -LEADER
fixed length control field 00919nam a2200301 a 4500
008 - FIXED-LENGTH DATA ELEMENTS--GENERAL INFORMATION
fixed length control field
020 ## - INTERNATIONAL STANDARD BOOK NUMBER
International Standard Book Number 9780323323079 (hardback)
040 ## - CATALOGING SOURCE
Original cataloging agency NUST
Transcribing agency NUST
049 ## - LOCAL HOLDINGS (OCLC)
Holding library MAIN
090 ## - LOCALLY ASSIGNED LC-TYPE CALL NUMBER (OCLC); LOCAL CALL NUMBER (RLIN)
Classification number (OCLC) (R) ; Classification number, CALL (RLIN) (NR) RJ51
Local cutter number (OCLC) ; Book number/undivided call number, CALL (RLIN) MIC
003 - CONTROL NUMBER IDENTIFIER
control field
005 - DATE AND TIME OF LATEST TRANSACTION
control field 20230120204310.0
100 1# - MAIN ENTRY--PERSONAL NAME
Personal name Michele, M. Waters.
245 10 - TITLE STATEMENT
Title Pediatric radiology : the requisites/
Statement of responsibility, etc. Walters, Michele; Robertson, Richard L.
260 ## - PUBLICATION, DISTRIBUTION, ETC.
Place of publication, distribution, etc. Philadelphia :
Name of publisher, distributor, etc. Elsevier,
Date of publication, distribution, etc. 2017.
300 ## - PHYSICAL DESCRIPTION
Extent Fourth edition.
300 ## - PHYSICAL DESCRIPTION
Extent xi, 420 pages:
Other physical details illustrations ;
Dimensions 24 cm
336 ## - CONTENT TYPE
Content type term text
Content type code txt
Source rdacontent
337 ## - MEDIA TYPE
Media type term unmediated
Media type code 2rdamedia
338 ## - CARRIER TYPE
Carrier type term volume
Source rdacarrier
504 ## - BIBLIOGRAPHY, ETC. NOTE
Bibliography, etc. note Includes bibliographic references
500 ## - GENERAL NOTE
General note Includes index
650 ## - SUBJECT ADDED ENTRY--TOPICAL TERM
Topical term or geographic name entry element Pediatric imaging
650 #1 - SUBJECT ADDED ENTRY--TOPICAL TERM
Topical term or geographic name entry element Pediatric radiology
700 ## - ADDED ENTRY--PERSONAL NAME
Personal name Robertson, Richard L.
907 ## - LOCAL DATA ELEMENT G, LDG (RLIN)
a .b10404089
b 04-03-22
c 08-06-21
942 ## - ADDED ENTRY ELEMENTS (KOHA)
Koha item type Ordinary Loan Books
Call number prefix RJ51
Call number suffix MIC
Holdings
Date last seen Total Checkouts Full call number Barcode Accession number Cost, replacement price Price effective from Koha item type Lost status Source of classification or shelving scheme Damaged status Not for loan Collection Withdrawn status Home library Current library Shelving location Date acquired Source of acquisition Cost, normal purchase price
01/20/2023   RJ51MIC 92004047790 55468 80.00 01/20/2023 BOOKS   lcc     NFIC   Medical Medical GEN 01/20/2023 BOOK AID 80.00